Perfect - Lyrics - Statistics

General Stats
  • This quiz has been taken 36 times
  • The average score is 26 of 44
Answer Stats
Answer % Correct
Darling, you look {perfect} tonight
89%
Cause we were just {kids} when we fell in love
79%
I found a {love}, for me
79%
Listening to our favorite {song}
79%
We are still {kids}, but we're so in love
79%
With you {between} my arms
79%
Be my {girl}, I'll be your man
74%
Darling just hold my {hand}
74%
Now I {know} I have met an angel in person
74%
Well, I found a girl, {beautiful} and sweet
74%
Baby, {I'm} dancing in the dark
68%
{Barefoot} on the grass
68%
Darling just {kiss} me slow
68%
I will not give you up this {time}
68%
Barefoot on the {grass}
63%
Darling, you {look} perfect, tonight
63%
{Listening} to our favorite song
63%
Well, I found a {woman}, stronger than anyone I know
63%
With {you} between my arms
63%
Baby, I'm dancing in the {dark}
58%
But you {heard} it
58%
Darling, just {dive} right in follow my lead
58%
Not {knowing} what it was
58%
Oh, I {never} knew you were the someone waiting for me
58%
When I saw you in that {dress}, looking so beautiful
58%
When you {said} you looked a mess
58%
Your heart is all I {own}
58%
And in your {eyes}, you're holding mine
53%
Barefoot {on} the grass
53%
I {whispered} underneath my breath
53%
She shares my dreams, I hope that someday I'll share her {home}
53%
With you between {my} arms
53%
You look perfect {tonight}
53%
And {she} looks perfect
47%
I don't {deserve} this
47%
I don't {deserve} this
47%
I see my {future} in your eyes
47%
Listening to our {favorite} song
47%
To carry love, to carry {children} of our own
47%
{Baby}, I'm dancing in the dark
42%
I have {faith} in what I see
42%
I know {we'll} be alright this time
32%
{Fighting} against all odds
26%
I found a {lover}, to carry more than just my secrets
11%
No matching quizzes found
Score Distribution
Percent of People with Each Score
Percentile by Number Answered
Your Score History
You have not taken this quiz